000 00631nam a2200205 4500
001 121371
003 ES-MaACL
005 20250813050620.0
007 t|
008 070214s1982 sp r ||||1| spa d
100 1 _aPopper, Karl Raimund.
_993108
245 1 3 _aEl yo y su cerebro /
_cKarl R. Popper, John C. Eccles ; traducción de C. Solís Santos.
250 _a1ª. ed.
260 _aBarcelona :
_bLabor,
_c1982.
300 _aXVIII, 667 p. :
_bil. ;
_c22 cm.
700 1 _aEccles, John C.
_946481
700 1 _aSolís Santos, Carlos,
_d1945-
_9107220
852 _aES-MaACL
_jL-4636
_bR.105372
999 _c121371
_d121371